Emerging from COVID-19 : (Record no. 21679)
[ view plain ]
| 000 -LEADER | |
|---|---|
| fixed length control field | 01067nam a22002537a 4500 |
| 003 - CONTROL NUMBER IDENTIFIER | |
| control field | OSt |
| 005 - DATE AND TIME OF LATEST TRANSACTION | |
| control field | 20260210094401.0 |
| 008 - FIXED-LENGTH DATA ELEMENTS--GENERAL INFORMATION | |
| fixed length control field | 240916b ||||| |||| 00| 0 eng d |
| 040 ## - CATALOGING SOURCE | |
| Transcribing agency | 0 |
| 082 ## - DEWEY DECIMAL CLASSIFICATION NUMBER | |
| Classification number | DPer 371.206005 J826 Winter-Spring 2023 v. 48 n. 3-4 |
| 100 ## - MAIN ENTRY--PERSONAL NAME | |
| Personal name | Bray, Nathaniel J. |
| Relator term | author. |
| 9 (RLIN) | 61149 |
| 245 ## - TITLE STATEMENT | |
| Title | Emerging from COVID-19 : |
| Remainder of title | the 2022 report of finance and access issues / |
| Statement of responsibility, etc. | Nathaniel J. Bray, Garret A. Till, Mark M. D'Amico, and Stephen G. Katsinas. |
| 260 ## - PUBLICATION, DISTRIBUTION, ETC. (IMPRINT) | |
| Place of publication, distribution, etc. | Illinois ; |
| Name of publisher, distributor, etc. | University of Illinois Press , |
| Date of publication, distribution, etc. | Winter 2023. |
| 300 ## - PHYSICAL DESCRIPTION | |
| Extent | Volume 48, pages 251-266 : |
| Other physical details | illustration ; |
| Dimensions | 26 cm. |
| 500 ## - GENERAL NOTE | |
| General note | Journal of Education Finance, vol. 48, no. 3, pages 251-266, Winter 2023. |
| 650 #0 - SUBJECT ADDED ENTRY--TOPICAL TERM | |
| Topical term or geographic name as entry element | Access to education. |
| 9 (RLIN) | 68012 |
| 650 #0 - SUBJECT ADDED ENTRY--TOPICAL TERM | |
| Topical term or geographic name as entry element | COVID-19 Pandemic, 2020 |
| General subdivision | Influence. |
| 9 (RLIN) | 53481 |
| 650 #0 - SUBJECT ADDED ENTRY--TOPICAL TERM | |
| Topical term or geographic name as entry element | Educational finance. |
| 9 (RLIN) | 64880 |
| 700 ## - ADDED ENTRY--PERSONAL NAME | |
| Personal name | Bray, Nathaniel J. |
| Relator term | author. |
| 9 (RLIN) | 61149 |
| 700 ## - ADDED ENTRY--PERSONAL NAME | |
| Personal name | Till, Garret A. |
| Relator term | author. |
| 9 (RLIN) | 61150 |
| 700 ## - ADDED ENTRY--PERSONAL NAME | |
| Personal name | D'amico, Mark M. |
| Relator term | author. |
| 9 (RLIN) | 61151 |
| 700 ## - ADDED ENTRY--PERSONAL NAME | |
| Personal name | Katsinas, Stephen G. |
| Relator term | author. |
| 9 (RLIN) | 61152 |
| 942 ## - ADDED ENTRY ELEMENTS (KOHA) | |
| Source of classification or shelving scheme | Dewey Decimal Classification |
| Koha item type | Periodicals |
| Withdrawn status | Lost status | Source of classification or shelving scheme | Damaged status | Not for loan | Collection code | Home library | Current library | Date acquired | Total Checkouts | Full call number | Date last seen | Price effective from | Koha item type | Public note |
|---|---|---|---|---|---|---|---|---|---|---|---|---|---|---|
| Dewey Decimal Classification | Periodicals | UM Digos College - LIC | UM Digos College - LIC | 09/16/2024 | DPer 371.206005 J826 Winter-Spring 2023 v. 48 n. 3-4 | 09/16/2024 | 09/16/2024 | Periodicals | Periodical Article |
